Horror Movie Posters Quiz Stats

 Plays Quiz Updated Oct 24, 2015

Challenge
Share
Tweet
Score 0/20 Timer 04:00
16 Plays Today
Picture Movie % Correct
11Jaws
98%
7The Shining
94.6%
4Alien
91.5%
18The Silence of the Lambs
90.7%
19Dracula
90%
1Halloween
87.4%
13Carrie
87.4%
6The Blair Witch Project
86.7%
20The Birds
86.2%
17The Ring
85.6%
Picture Movie % Correct
10Poltergeist
79.8%
2The Exorcist
79.3%
8Paranormal Activity
78.7%
3Scream
73.6%
14A Nightmare on Elm Street
72.6%
12The Cabin in the Woods
67.1%
9Rosemary's Baby
64.1%
15Nosferatu
50.4%
5Insidious
48.2%
16The Conjuring
42.8%

You're not logged in!

Compare scores with friends on all Sporcle quizzes.
OR
Log In

You Might Also Like...

Show Comments

Extras

Top Quizzes Today


Score Distribution

Your Account Isn't Verified!

In order to create a playlist on Sporcle, you need to verify the email address you used during registration. Go to your Sporcle Settings to finish the process.

Report this User

Report this user for behavior that violates our Community Guidelines.

Details: